عرض عادي
عرض مارك
- Toxicological emergencies.
مدخل مصطلح موضوعي
001 - رقم الضبط
- حقل الضبط: 14089
003 - معرف رقم الضبط
- حقل الضبط: OSt
005 - تاريخ ووقت أخر عملية
- حقل الضبط: 20120517012702.0
008 - عناصر بيانات ثابتة الطول
- حقل تحكم ثابت الطول: 120517|||a|||||| | ||| d
040 ## - مصدر الفهرسة
- هيئة الفهرسة الأصلية: OSt
- وكالة الكتابة: OSt
150 ## - مدخل-- مصطلح تاريخي
- عنصر مدخل المصطلح الموضوعي او الاسم الجغرافي: Toxicological emergencies.
670 ## - بيانات المصدر موجوده
- الاستشهاد بالمصدر: Work cat.: (OSt)24055: Occupational emergency medicine /, 2011.
